000 00553nam a2200181Ia 4500
008 100917s9999 xx 000 0 und d
082 _b21127
100 _aहिवरगावकर
245 _aभास कवींची नाटके खंड 1 ला
260 _b---
300 _a211
365 _b2
520 _aनाटक
630 _aभास कवींची नाटके खंड 1 ला
650 _aनाटक
730 _aभास कवींची नाटके खंड 1 ला
942 _cBOOK
999 _c626521
_d626518